Early warning on climate change (Record no. 70109)

MARC details
000 -LEADER
fixed length control field 01162cam a2200253 4500
001 - CONTROL NUMBER
control field WB3816-13
008 - FIXED-LENGTH DATA ELEMENTS--GENERAL INFORMATION
fixed length control field 020429n2002 000 0 eng u
035 ## - SYSTEM CONTROL NUMBER
System control number (Sirsi) u117744
245 ## - TITLE STATEMENT
Title Early warning on climate change
260 ## - PUBLICATION, DISTRIBUTION, ETC.
Date of publication, distribution, etc. 2002
490 ## - SERIES STATEMENT
Series statement DEFRA News Release
Volume/sequential designation (165/02) 26 April 2002, (4)
520 ## - SUMMARY, ETC.
Summary, etc. A new report on climate change scenarios by the UK Climate Impacts Programme (UKCIP) warns that climate change will be earlier and more pronounced than previously thought with some changes already irreversible. The report supersedes the 1998 climate scenarios and looks ahead into the 2080s, predicting warmer summers, wetter winters and rising sea-levels for the UK. "UKCIP02 Climate change scenarios" available from http://www.ukcip.org.uk/climate_scen/main_climate_scen.htm. http://www.defra.gov.uk/news/2002/020426a.htm
590 ## - LOCAL NOTE (RLIN)
Local note WB
650 ## - SUBJECT ADDED ENTRY--TOPICAL TERM
Topical term or geographic name entry element CLIMATE CHANGE
650 ## - SUBJECT ADDED ENTRY--TOPICAL TERM
Topical term or geographic name entry element WEATHER
650 ## - SUBJECT ADDED ENTRY--TOPICAL TERM
Topical term or geographic name entry element TEMPERATURE
650 ## - SUBJECT ADDED ENTRY--TOPICAL TERM
Topical term or geographic name entry element SEA LEVEL
650 ## - SUBJECT ADDED ENTRY--TOPICAL TERM
Topical term or geographic name entry element FLOODING
650 ## - SUBJECT ADDED ENTRY--TOPICAL TERM
Topical term or geographic name entry element RAINFALL
650 ## - SUBJECT ADDED ENTRY--TOPICAL TERM
Topical term or geographic name entry element GLOBAL WARMING
650 ## - SUBJECT ADDED ENTRY--TOPICAL TERM
Topical term or geographic name entry element UK CLIMATE IMPACTS PROGRAMME
690 ## - LOCAL SUBJECT ADDED ENTRY--TOPICAL TERM (OCLC, RLIN)
Topical term or geographic name as entry element ENVIRONMENTAL AND LAND CONSULTANCY
942 ## - ADDED ENTRY ELEMENTS (KOHA)
Suppress in OPAC 0
Holdings
Withdrawn status Lost status Source of classification or shelving scheme Damaged status Not for loan Home library Current library Shelving location Date acquired Total Checkouts Full call number Barcode Date last seen Copy number Price effective from Koha item type
    Dewey Decimal Classification     London London News article 29/04/2002   WB3816-13 117744-1001 06/08/2019 1 06/08/2019 News article